000 00698nam a2200229Ia 4500
003 OSt
005 20220928112657.0
006 a|||||r|||| 00| 0
007 ta
008 220927b |||||||| |||| 00| 0 eng d
024 _a31158
037 _cReference Collections
040 _aSDCL
_cSDCL
_beng
041 _2eng
_aeng
082 _aQ4:faN9, N3 RR
100 _aSeth Ved Co.
_9429190
245 0 _aResearch in Buddhist studies University of Delhi
_b A descriptive bibliography.
260 _aDelhi
_bDepartment of Buddhist Studies
_c1993
300 _av,184p
_ccm.
942 _hQ4:faN9, N3 RR
_cREF
_2CC
999 _c745681
_d745681